000 00736nam a22001457a 4500
020 _a0-590-62979-4
082 _a823
_bAPP/A
100 _aAPPLEGATE, K A
245 _aANIMORPHS
_bTHE ENCOUNTER
260 _aNEW YORK
_bSCHOLASTIC INC
_c1996
300 _a157
520 _aThe remains of the downed truck ship are disposed of by the Yeerks, thus leaving no evidence for the Animorphs to show the world. Tobias is distressed over the death of the hawk, but realizes that it is this emotion that makes him human, as a true hawk would not care if another hawk had died. Tobias discusses this with Rachel, and begins to accept his newfound balance between being a hawk and being a human.
650 _aADVENTURE
_zUNITED STATES
942 _cBK
999 _c5948
_d5948